| 000 | 00802nam a2200289Ia 4500 | ||
|---|---|---|---|
| 003 | OSt | ||
| 005 | 20220912151122.0 | ||
| 006 | a|||||r|||| 00| 0 | ||
| 007 | ta | ||
| 008 | 220909b |||||||| |||| 00| 0 eng d | ||
| 024 | _a39005 | ||
| 037 | _cTextual | ||
| 040 |
_aCSL _beng _cCSL |
||
| 041 | _aeng | ||
| 082 | _aE651, M1 | ||
| 100 | _aBrandsma L | ||
| 245 | 0 | _aSynthesis of acetlylenes allenes and cumulenes | |
| 260 |
_aAmsterdam _bElsevier Scientific Publishing Company _c1981 |
||
| 300 |
_aviii,276p. _ccm. |
||
| 490 | _aStudies in organic chemistry; 8 | ||
| 500 | _aBibliography 271-76p | ||
| 650 | _a Biochemistry | ||
| 650 | _aChemistry | ||
| 700 | _a Verkruijsse H D | ||
| 942 |
_hE651, M1 _cTEXL _2CC |
||
| 999 |
_c61739 _d61739 |
||